Estadísticas para Ciudades de España por imagen

Haz click aquí para intentar la prueba.

Estadísticas generales

  • Esta prueba ha sido intentada 135 veces
  • La puntuación promedio es 10 de 16

Estadísticas de respuestas

Respuesta% Correcto
Valencia
96%
Bilbao
93%
Madrid
92%
Santiago
84%
Barcelona
80%
Sevilla
74%
Salamanca
73%
Cádiz
62%
Palma
61%
San Sebastián
51%
Córdoba
50%
Santander
47%
Málaga
42%
Gijón
38%
Gerona
36%
Oviedo
35%

Distribución de puntuación

Porcentaje por número respondido

Porcentaje de gente con cada puntuación

Historial de tus puntuaciones

No has intentado esta prueba.